NFU campaign against illegal imports (Record no. 71000)

MARC details
000 -LEADER
fixed length control field 00669cam a2200193 4500
001 - CONTROL NUMBER
control field WB3831-37
008 - FIXED-LENGTH DATA ELEMENTS--GENERAL INFORMATION
fixed length control field 020823n2002 000 0 eng u
035 ## - SYSTEM CONTROL NUMBER
System control number (Sirsi) u119421
245 ## - TITLE STATEMENT
Title NFU campaign against illegal imports
260 ## - PUBLICATION, DISTRIBUTION, ETC.
Date of publication, distribution, etc. 2002
490 ## - SERIES STATEMENT
Series statement NFU Press Release
Volume/sequential designation 21 August 2002, (2)
520 ## - SUMMARY, ETC.
Summary, etc. NFU enlists travelling public in battle against illegal food imports by distributing postcards asking what level of food import controls they encountered on arrival in UK. www.nfu.org.uk/pr/4028216/illegalimportspostcards.htm
590 ## - LOCAL NOTE (RLIN)
Local note WB
650 ## - SUBJECT ADDED ENTRY--TOPICAL TERM
Topical term or geographic name entry element FARMING
650 ## - SUBJECT ADDED ENTRY--TOPICAL TERM
Topical term or geographic name entry element FOOD
650 ## - SUBJECT ADDED ENTRY--TOPICAL TERM
Topical term or geographic name entry element IMPORTS
690 ## - LOCAL SUBJECT ADDED ENTRY--TOPICAL TERM (OCLC, RLIN)
Topical term or geographic name as entry element Rural
9 (RLIN) 6268
942 ## - ADDED ENTRY ELEMENTS (KOHA)
Suppress in OPAC 0
Holdings
Withdrawn status Lost status Source of classification or shelving scheme Damaged status Not for loan Home library Current library Shelving location Date acquired Total Checkouts Full call number Barcode Date last seen Copy number Price effective from Koha item type
    Dewey Decimal Classification     London London News article 23/08/2002   WB3831-37 119421-1001 06/08/2019 1 06/08/2019 News article